000 00316nam a2200133Ia 4500
020 _a9788120311770
082 _a005.73
100 _aYedidyah Langsam
_9777
245 0 _aData Structures Using C and C++
250 _a2
260 _bNew Delhi
_aPrentice Hall Of India
_c2007
650 _aCOMPUTER
_931
942 _cBK
999 _c13526
_d13526